[Event "Battle of Alberta"]
[Site "Red Deer CAN"]
[Date "2013.09.07"]
[Round "1.2"]
[White "Wang, Richard"]
[Black "Kazmaier, Daniel"]
[Result "1/2-1/2"]
[WhiteElo "2430"]
[BlackElo "2196"]
[PlyCount "124"]
[GameId "2160767909229483"]
[EventDate "2013.09.07"]
[EventType "team-match"]
[EventRounds "2"]
[EventCountry "CAN"]
[SourceTitle "EXT 2022"]
[Source "ChessBase"]
[SourceDate "2021.10.06"]
[SourceVersion "1"]
[SourceVersionDate "2021.10.06"]
[SourceQuality "1"]

1. d4 e6 2. Nf3 Nf6 3. e3 b6 4. Bd3 Bb7 5. O-O d5 6. b3 Bd6 7. Bb2 O-O 8. Ne5 c5 9. Nd2 Nc6 10. a3 Rc8 11. Qf3 Qc7 12. Qg3 Ne7 13. Qh3 Ne4 14. f3 Ng5 15. Qh5 f6 16. Ng4 Nf5 17. f4 Ne4 18. Nf3 c4 19. bxc4 dxc4 20. Bxe4 Bxe4 21. c3 Qc6 22. a4 a5 23. Rfe1 Bc2 24. Ba3 Bxa3 25. Rxa3 Nd6 26. Nf2 Kh8 27. Ra2 Bxa4 28. e4 Qe8 29. Qh3 Bc6 30. Rd2 Qf7 31. e5 Nf5 32. exf6 Bxf3 33. Qxf3 gxf6 34. Rde2 Rfe8 35. Qh3 Rcd8 36. Ne4 b5 37. g4 Ng7 38. Qh4 Rf8 39. Nc5 Rde8 40. Ne4 Qg6 41. Rg2 f5 42. Nd6 Rd8 43. gxf5 Nxf5 44. Qxd8 Rxd8 45. Rxg6 Nxd6 46. Rgxe6 b4 47. R6e5 Ra8 48. Rd5 Ra6 49. f5 b3 50. f6 Kg8 51. Rg5+ Kf8 52. Rg7 Nf7 53. Rxh7 a4 54. Rh5 a3 55. Rc5 Rxf6 56. Rxc4 Ng5 57. Rd1 Rb6 58. Ra4 a2 59. Ra1 b2 60. R4xa2 bxa1=Q+ 61. Rxa1 Rb2 62. Rf1+ Ke7 1/2-1/2

[Event "Battle of Alberta"]
[Site "Red Deer CAN"]
[Date "2013.09.07"]
[Round "2.2"]
[White "Kazmaier, Daniel"]
[Black "Wang, Richard"]
[Result "1-0"]
[WhiteElo "2196"]
[BlackElo "2430"]
[PlyCount "69"]
[GameId "2160767909229495"]
[EventDate "2013.09.07"]
[EventType "team-match"]
[EventRounds "2"]
[EventCountry "CAN"]
[SourceTitle "EXT 2022"]
[Source "ChessBase"]
[SourceDate "2021.10.06"]
[SourceVersion "1"]
[SourceVersionDate "2021.10.06"]
[SourceQuality "1"]

1. d4 d5 2. c4 c6 3. Nf3 Nf6 4. Qb3 dxc4 5. Qxc4 Bg4 6. Nc3 Nbd7 7. e4 Bxf3 8. gxf3 e5 9. Be3 Qc7 10. Bh3 Bd6 11. Bxd7+ Nxd7 12. Rg1 exd4 13. Bxd4 Be5 14. f4 Bxd4 15. Qxd4 Qxf4 16. Qxg7 O-O-O 17. Qg3 Qh6 18. Rd1 Rhe8 19. Ke2 f5 20. Qe3 f4 21. Qxa7 Qxh2 22. Rg7 f3+ 23. Kd3 Qh6 24. Rdg1 Qd6+ 25. Kc2 Re7 26. Rxe7 Qxe7 27. b4 Ne5 28. b5 Qc7 29. b6 Qb8 30. Rg7 Nd7 31. Rxh7 Qd6 32. a4 Rg8 33. a5 Rg2 34. Rh8+ Nf8 35. Rxf8+ 1-0

[Event "Quebec op"]
[Site "Montreal CAN"]
[Date "2013.07.21"]
[Round "1"]
[White "Chiku-Ratte, Olivier-Kenta"]
[Black "Wang, Richard"]
[Result "0-1"]
[WhiteElo "2106"]
[BlackElo "2377"]
[PlyCount "74"]
[GameId "2160767909296918"]
[EventDate "2013.07.21"]
[EventType "swiss"]
[EventRounds "9"]
[EventCountry "CAN"]
[SourceTitle "EXT 2014"]
[Source "ChessBase"]
[SourceDate "2013.11.20"]
[SourceVersion "1"]
[SourceVersionDate "2013.11.20"]
[SourceQuality "1"]

1. d4 d5 2. c4 c6 3. Nf3 Nf6 4. Nc3 dxc4 5. a4 Bf5 6. Ne5 Nbd7 7. Nxc4 Nb6 8. Ne5 a5 9. g3 e6 10. Bg2 Bb4 11. O-O O-O 12. e3 h6 13. Qe2 Bh7 14. Rd1 Nfd7 15. Nd3 Qe7 16. e4 Rfd8 17. Be3 Nf6 18. f3 Rac8 19. d5 c5 20. dxe6 Qxe6 21. Nxb4 axb4 22. Rxd8+ Rxd8 23. Nb5 Nfd7 24. a5 Nc4 25. Nc7 Qe5 26. Qxc4 Qxc7 27. f4 Nf6 28. e5 Ng4 29. Qxc5 Qd7 30. h3 Nxe3 31. Qxe3 Rc8 32. Qb6 Rc2 33. Qxb4 Qd3 34. Qxb7 Bf5 35. Ra3 Qd4+ 36. Kh2 Be4 37. Qb8+ Kh7 0-1

[Event "Quebec op"]
[Site "Montreal CAN"]
[Date "2013.07.21"]
[Round "2"]
[White "Wang, Richard"]
[Black "Vera, Reynaldo"]
[Result "1-0"]
[WhiteElo "2377"]
[BlackElo "2462"]
[PlyCount "105"]
[GameId "2160767909296948"]
[EventDate "2013.07.21"]
[EventType "swiss"]
[EventRounds "9"]
[EventCountry "CAN"]
[SourceTitle "EXT 2014"]
[Source "ChessBase"]
[SourceDate "2013.11.20"]
[SourceVersion "1"]
[SourceVersionDate "2013.11.20"]
[SourceQuality "1"]

1. d4 Nf6 2. Nf3 d5 3. e3 e6 4. Bd3 c5 5. b3 Nc6 6. O-O Bd6 7. Bb2 O-O 8. Ne5 Qc7 9. f4 cxd4 10. exd4 Nb4 11. Nc3 Nxd3 12. Qxd3 Bd7 13. Rf3 Rac8 14. Rh3 h6 15. Rc1 Nh7 16. Qg3 Kh8 17. Qg4 Be8 18. Ne2 f6 19. Rc3 Qd8 20. Rxc8 Qxc8 21. c4 dxc4 22. Nxc4 Qd7 23. Kh1 Bc7 24. Ne3 Bb6 25. f5 exf5 26. Nxf5 h5 27. Qf4 Bg6 28. Neg3 Re8 29. h4 Nf8 30. d5 Kh7 31. d6 Ne6 32. Qf3 Nc5 33. Bd4 Ne4 34. Bxb6 Nxg3+ 35. Nxg3 axb6 36. Qf4 Rd8 37. Rd1 Qg4 38. Qxg4 hxg4 39. Rd4 Bf7 40. Kh2 Rd7 41. Nf5 Be6 42. Ne3 f5 43. Kg3 Kg6 44. Kf4 Kf6 45. h5 Rd8 46. Nd5+ Bxd5 47. Rxd5 g5+ 48. hxg6 Kxg6 49. d7 Kf6 50. Rd6+ Ke7 51. Ke5 f4 52. Re6+ Kf7 53. Kd6 1-0

[Event "Quebec op"]
[Site "Montreal CAN"]
[Date "2013.07.25"]
[Round "6"]
[White "Ostrovskiy, Aleksandr"]
[Black "Wang, Richard"]
[Result "1-0"]
[WhiteElo "2403"]
[BlackElo "2377"]
[PlyCount "67"]
[GameId "2160767909297000"]
[EventDate "2013.07.21"]
[EventType "swiss"]
[EventRounds "9"]
[EventCountry "CAN"]
[SourceTitle "EXT 2014"]
[Source "ChessBase"]
[SourceDate "2013.11.20"]
[SourceVersion "1"]
[SourceVersionDate "2013.11.20"]
[SourceQuality "1"]

1. d4 d5 2. c4 c6 3. cxd5 cxd5 4. Bf4 Nf6 5. Nc3 Qb6 6. e3 Qxb2 7. Rc1 Bf5 8. Bxb8 Rxb8 9. Bb5+ Bd7 10. Bxd7+ Nxd7 11. Nxd5 e6 12. Nc3 Bb4 13. Nge2 Qxa2 14. O-O Bxc3 15. Nxc3 Qa5 16. d5 e5 17. Qg4 g6 18. d6 h5 19. Qe4 O-O 20. Nd5 Qa3 21. Rc7 f5 22. Ne7+ Kg7 23. Qd5 Rbd8 24. Rd1 Qa4 25. Rxb7 Rb8 26. Rc7 Rb5 27. Qd2 Rb2 28. Qc1 Rfb8 29. Nc6 Qxd1+ 30. Qxd1 Rb1 31. Rxd7+ Kf6 32. Qf1 Rxf1+ 33. Kxf1 Rb1+ 34. Ke2 1-0

[Event "Quebec op inv."]
[Site "Montreal CAN"]
[Date "2013.07.22"]
[Round "3.3"]
[White "Wang, Richard"]
[Black "Roussel-Roozmon, Thomas"]
[Result "1/2-1/2"]
[WhiteElo "2377"]
[BlackElo "2476"]
[PlyCount "60"]
[GameId "2160767909305273"]
[EventDate "2013.07.21"]
[EventType "swiss"]
[EventRounds "9"]
[EventCountry "CAN"]

1. d4 Nf6 2. Nf3 e6 3. e3 c5 4. Bd3 b6 5. O-O Bb7 6. c4 Be7 7. Nc3 a6 8. b3 cxd4 9. exd4 d5 10. Bb2 O-O 11. Qe2 Nc6 12. Rfd1 Re8 13. Rac1 Bd6 14. g3 Rc8 15. cxd5 exd5 16. Qf1 b5 17. Qh3 h6 18. Re1 Rc7 19. Rxe8+ Qxe8 20. Re1 Re7 21. Rxe7 Nxe7 22. Ne5 Bc8 23. Qg2 Be6 24. Qf3 Qc8 25. Ne2 Bf5 26. Bxf5 Qxf5 27. Qxf5 Nxf5 28. f3 Kf8 29. g4 Nd7 30. Kf2 Ke7 1/2-1/2

[Event "Quebec op inv."]
[Site "Montreal CAN"]
[Date "2013.07.23"]
[Round "4.6"]
[White "Kovalyov, Anton"]
[Black "Wang, Richard"]
[Result "1-0"]
[WhiteElo "2606"]
[BlackElo "2377"]
[PlyCount "105"]
[GameId "2160767909305291"]
[EventDate "2013.07.21"]
[EventType "swiss"]
[EventRounds "9"]
[EventCountry "CAN"]

1. c4 c5 2. Nf3 Nc6 3. d4 cxd4 4. Nxd4 Qb6 5. Nc2 e6 6. g3 Bc5 7. e3 d5 8. cxd5 exd5 9. Bg2 Nf6 10. h3 Bf5 11. O-O O-O 12. Nc3 Be4 13. b3 Rad8 14. Na4 Qa5 15. Bb2 Be7 16. Nd4 Rc8 17. Rc1 Rfd8 18. Nxc6 Rxc6 19. Rxc6 bxc6 20. Qd4 Bxg2 21. Kxg2 c5 22. Qe5 Bf8 23. Bc3 Qa6 24. Qc7 Rd7 25. Qa5 Qc6 26. Bxf6 d4+ 27. Kg1 Qxf6 28. Qb5 Rd8 29. Qd3 dxe3 30. Qxe3 Qf5 31. Rc1 Qxh3 32. Nxc5 Bxc5 33. Qxc5 Qd7 34. Qc7 h6 35. Qxd7 Rxd7 36. Rc6 Kf8 37. Ra6 Ke7 38. Kg2 Kd8 39. Kf3 Kc8 40. Ra4 Kb7 41. Rg4 g6 42. Rh4 h5 43. Rf4 Kc6 44. Rf6+ Kc5 45. Kf4 Kd4 46. Kg5 Ke4 47. g4 hxg4 48. Kxg4 Ke5 49. Kg5 Rc7 50. b4 Kd4 51. Kh6 Kc3 52. b5 Kc4 53. Rc6+ 1-0

[Event "Quebec op inv."]
[Site "Montreal CAN"]
[Date "2013.07.24"]
[Round "5.7"]
[White "Wang, Richard"]
[Black "Molner, Mackenzie"]
[Result "1/2-1/2"]
[WhiteElo "2377"]
[BlackElo "2501"]
[PlyCount "69"]
[GameId "2160767909305310"]
[EventDate "2013.07.21"]
[EventType "swiss"]
[EventRounds "9"]
[EventCountry "CAN"]

1. d4 Nf6 2. Nf3 g6 3. Nc3 d5 4. Bf4 Bg7 5. e3 O-O 6. Be2 c5 7. O-O cxd4 8. exd4 Nc6 9. Ne5 Qb6 10. Nxc6 Qxc6 11. Bb5 Qb6 12. a4 Bg4 13. f3 Bd7 14. Be5 Bxb5 15. axb5 e6 16. Qd3 Rfc8 17. Na4 Qd8 18. Nc5 b6 19. Bxf6 Bxf6 20. Nb3 Be7 21. c3 Bd6 22. f4 h5 23. Nd2 Kg7 24. g3 h4 25. Nf3 hxg3 26. hxg3 Qf6 27. Ne5 Rh8 28. Kg2 Rh5 29. Rh1 Rxh1 30. Rxh1 Bxe5 31. fxe5 Qg5 32. Rf1 Qh5 33. Rh1 Qg5 34. Rf1 Qh5 35. Rh1 1/2-1/2

[Event "Quebec op inv."]
[Site "Montreal CAN"]
[Date "2013.07.26"]
[Round "7.13"]
[White "Wang, Richard"]
[Black "Adithya, B."]
[Result "1-0"]
[WhiteElo "2377"]
[BlackElo "2301"]
[PlyCount "103"]
[GameId "2160767909305350"]
[EventDate "2013.07.21"]
[EventType "swiss"]
[EventRounds "9"]
[EventCountry "CAN"]

1. d4 Nf6 2. Nf3 g6 3. c4 Bg7 4. Nc3 O-O 5. e4 d6 6. h3 e5 7. d5 a5 8. Bg5 Na6 9. Be2 Qe8 10. g4 Nd7 11. Rg1 Ndc5 12. h4 Bd7 13. Qd2 Nb4 14. Be3 Ba4 15. Rc1 Nxa2 16. Nxa2 Nxe4 17. Qd3 Nc5 18. Qa3 Nb3 19. Rc3 e4 20. Nd2 Nd4 21. Bxd4 Bxd4 22. Re3 Bc2 23. Rgg3 Qe5 24. Nc3 Bc5 25. Qa2 f5 26. gxf5 Bxe3 27. Rxe3 gxf5 28. Nf3 Qg7 29. Ng5 f4 30. Rxe4 Bxe4 31. Ncxe4 f3 32. Bd3 Rf4 33. Kd2 Rxh4 34. Ne6 Qh6+ 35. Kc2 Rh1 36. N4g5 Qh4 37. Ne4 Qh6 38. Qa4 Qc1+ 39. Kb3 b5 40. Nf6+ Kf7 41. cxb5 h6 42. Nxc7 Qd2 43. Qe4 Qd1+ 44. Kc3 Qc1+ 45. Bc2 Qe1+ 46. Qxe1 Rxe1 47. Nxa8 Kxf6 48. Nc7 Ke7 49. b6 Kd8 50. Bf5 Re5 51. Be6 Rg5 52. Ne8 1-0

[Event "Quebec op inv."]
[Site "Montreal CAN"]
[Date "2013.07.27"]
[Round "8.12"]
[White "Cheng, Bindi"]
[Black "Wang, Richard"]
[Result "1-0"]
[WhiteElo "2406"]
[BlackElo "2377"]
[PlyCount "100"]
[GameId "2160767909305368"]
[EventDate "2013.07.21"]
[EventType "swiss"]
[EventRounds "9"]
[EventCountry "CAN"]

1. Nf3 c5 2. g3 Nc6 3. Bg2 e5 4. O-O g6 5. c4 Bg7 6. Nc3 Nge7 7. a3 O-O 8. Rb1 a5 9. Ne1 d6 10. Nc2 a4 11. Ne3 Nd4 12. d3 Nec6 13. Ned5 Qa5 14. Ne4 Qd8 15. Ndc3 f5 16. Ng5 Bf6 17. Nf3 Bd7 18. Nd2 Na5 19. e3 Ndb3 20. Nxb3 axb3 21. Bd2 Bg7 22. Nb5 Bc6 23. Bxa5 Rxa5 24. Qxb3 f4 25. Nc3 f3 26. Bh3 Qg5 27. Ne4 Qh5 28. Be6+ Kh8 29. Kh1 Bh6 30. h3 g5 31. Bg4 Qg6 32. Qd1 b5 33. b4 Rxa3 34. bxc5 bxc4 35. Nxd6 Bg7 36. e4 Rxd3 37. Qc1 Bxe4 38. Rb6 Rb3 39. Nb5 Bc6 40. Qxc4 Rb1 41. Kg1 Bxb5 42. Rxb5 Rxf1+ 43. Qxf1 Qc2 44. Qb1 Qc4 45. Bf5 e4 46. Bxe4 Bd4 47. Rb7 Bg7 48. c6 Qe6 49. Rb8 Qxh3 50. Rxf8+ Bxf8 1-0

[Event "Quebec op inv."]
[Site "Montreal CAN"]
[Date "2013.07.28"]
[Round "9.12"]
[White "Wang, Richard"]
[Black "Rodriguez, Eric"]
[Result "1-0"]
[WhiteElo "2377"]
[BlackElo "2290"]
[PlyCount "41"]
[GameId "2160767909305387"]
[EventDate "2013.07.21"]
[EventType "swiss"]
[EventRounds "9"]
[EventCountry "CAN"]

1. d4 Nf6 2. c4 c5 3. d5 b5 4. cxb5 a6 5. bxa6 g6 6. Nc3 Bxa6 7. g3 d6 8. Bg2 Bg7 9. Nf3 Nfd7 10. Qc2 Nb6 11. h4 h6 12. Nh2 Nc4 13. h5 g5 14. Ng4 Nd7 15. O-O Nde5 16. Nxe5 Bxe5 17. a3 Qb6 18. Rb1 Qa5 19. b4 Nxa3 20. Bxa3 Qxa3 21. Rb3 1-0

[Event "CAN-op"]
[Site "Ottawa CAN"]
[Date "2013.07.14"]
[Round "3"]
[White "Wang, Richard"]
[Black "Ivanov, Mike"]
[Result "1-0"]
[WhiteElo "2377"]
[BlackElo "2052"]
[PlyCount "129"]
[GameId "2160767909313655"]
[EventDate "2013.07.13"]
[EventType "swiss"]
[EventRounds "9"]
[EventCountry "CAN"]
[SourceTitle "CBM 155 Extra"]
[Source "ChessBase"]
[SourceDate "2013.08.26"]
[SourceVersion "1"]
[SourceVersionDate "2013.08.26"]
[SourceQuality "1"]

1. d4 Nf6 2. Nf3 c5 3. e3 g6 4. dxc5 Qa5+ 5. Nc3 Qxc5 6. e4 d6 7. Be3 Qa5 8. Qd2 Bg7 9. h3 a6 10. Bd3 b5 11. O-O Bb7 12. Bh6 O-O 13. Nd5 Qxd2 14. Nxe7+ Kh8 15. Bxg7+ Kxg7 16. Nxd2 Re8 17. Nd5 Nxd5 18. exd5 Bxd5 19. Rfd1 Nc6 20. Nf1 Ne7 21. Ne3 Bc6 22. c3 a5 23. Bc2 d5 24. Rd4 Red8 25. Rad1 Rd7 26. g4 h6 27. R1d2 b4 28. cxb4 axb4 29. Bb3 Rb8 30. Nc2 Rdb7 31. Re2 Kf8 32. Rf4 Bb5 33. Rd2 Bc4 34. Ne3 Bxb3 35. axb3 Rc8 36. Kg2 Rc1 37. Rfd4 Rb5 38. Nxd5 Nxd5 39. Rxd5 Rxd5 40. Rxd5 Rc2 41. Rd4 Rxb2 42. Rxb4 Rd2 43. Re4 Rb2 44. Re3 g5 45. Rf3 Ke7 46. Kf1 Ke6 47. Ke1 Ra2 48. Kd1 f6 49. Kc1 Ra6 50. Kb2 Kd5 51. Kc3 Ke4 52. Rf5 Rc6+ 53. Kb4 Kd3 54. Kb5 Re6 55. Kc5 Ke2 56. b4 Kf1 57. b5 Kg2 58. b6 Kxh3 59. f3 Re1 60. b7 Rb1 61. Kc6 Kh4 62. Rb5 Rc1+ 63. Kd7 Rd1+ 64. Ke7 Re1+ 65. Kf7 1-0

[Event "CAN-op"]
[Site "Ottawa CAN"]
[Date "2013.07.15"]
[Round "4.6"]
[White "Wang, Richard"]
[Black "Hambleton, Aman"]
[Result "1/2-1/2"]
[WhiteElo "2484"]
[BlackElo "2580"]
[PlyCount "168"]
[GameId "2160767909313666"]
[EventDate "2013.07.13"]
[EventType "swiss"]
[EventRounds "9"]
[EventCountry "CAN"]

1. d4 Nf6 2. c4 c5 3. d5 b5 4. cxb5 a6 5. bxa6 g6 6. Nc3 Bxa6 7. g3 d6 8. Bg2 Bg7 9. Nf3 Nbd7 10. Rb1 Nb6 11. b3 O-O 12. O-O Bb7 13. Nh4 Qd7 14. Bb2 g5 15. Nf3 Qf5 16. Nd2 Qg6 17. Nc4 Nbd7 18. Re1 Ng4 19. h3 Nh6 20. a4 f5 21. Nb5 Bxb2 22. Rxb2 f4 23. g4 Nf7 24. Nc7 Rac8 25. Ne6 Nfe5 26. Nxf8 Rxf8 27. Nxe5 Nxe5 28. b4 c4 29. Qd4 h5 30. Rc1 hxg4 31. hxg4 f3 32. exf3 Rf4 33. Qd1 Qf7 34. Rd2 Rxf3 35. Bxf3 Nxf3+ 36. Kf1 Qf4 37. Rdc2 e6 38. Rc3 Bxd5 39. Rxf3 Bxf3 40. Qc2 d5 41. Re1 Be4 42. Rxe4 dxe4 43. Qxc4 Qxg4 44. Qb3 e3 45. Qxe3 Qxb4 46. Qxe6+ Kg7 47. Qe5+ Kg6 48. a5 Qc4+ 49. Kg2 Qg4+ 50. Qg3 Qe4+ 51. Qf3 Qc4 52. Qa3 Qg4+ 53. Qg3 Qe4+ 54. Kh2 Qe2 55. Qd6+ Kh5 56. Qd4 Qb5 57. Qh8+ Kg4 58. Qh3+ Kf4 59. Qa3 Qa6 60. Qe3+ Kf5 61. Qc5+ Kg4 62. Qb6 Qc4 63. a6 Kh5 64. Qd6 Qh4+ 65. Kg2 Qe4+ 66. Kh2 Qh4+ 67. Kg1 Qg4+ 68. Qg3 Qd1+ 69. Kh2 Qa4 70. Qh3+ Kg6 71. Qe6+ Kg7 72. Qe5+ Kh7 73. Qc7+ Kg6 74. a7 Qh4+ 75. Kg1 Qg4+ 76. Qg3 Qa4 77. Qd3+ Kg7 78. Qe3 Kg6 79. Qe6+ Kg7 80. Qe7+ Kg6 81. Qb7 Qd1+ 82. Kg2 Qg4+ 83. Kh2 Qh5+ 84. Kg3 Qh4+ 1/2-1/2

[Event "CAN-op"]
[Site "Ottawa CAN"]
[Date "2013.07.16"]
[Round "5"]
[White "Arencibia Rodriguez, Walter"]
[Black "Wang, Richard"]
[Result "0-1"]
[WhiteElo "2526"]
[BlackElo "2377"]
[PlyCount "112"]
[GameId "2160767909313674"]
[EventDate "2013.07.13"]
[EventType "swiss"]
[EventRounds "9"]
[EventCountry "CAN"]
[SourceTitle "CBM 155 Extra"]
[Source "ChessBase"]
[SourceDate "2013.08.26"]
[SourceVersion "1"]
[SourceVersionDate "2013.08.26"]
[SourceQuality "1"]

1. e4 c5 2. Nf3 d6 3. d4 cxd4 4. Qxd4 Nc6 5. Bb5 Bd7 6. Bxc6 Bxc6 7. c4 Nf6 8. Nc3 g6 9. O-O Bg7 10. Qd3 O-O 11. Nd4 Rc8 12. b3 Nd7 13. Bb2 a6 14. Rac1 Qa5 15. Rfd1 Nc5 16. Qe2 Rfe8 17. Rc2 e6 18. Nxc6 Rxc6 19. Nb1 b5 20. Bxg7 Kxg7 21. e5 bxc4 22. exd6 Rd8 23. b4 Qxb4 24. Rxc4 Qb6 25. Rcd4 f6 26. d7 Rc7 27. Rd6 Rcxd7 28. Rxb6 Rxd1+ 29. Qf1 e5 30. f3 Rxf1+ 31. Kxf1 Rd7 32. Ke2 Rb7 33. Rxb7+ Nxb7 34. Kd3 Kf7 35. Kc4 Ke6 36. Nc3 f5 37. Nd5 Kd6 38. Nb4 Nc5 39. Nd5 Na4 40. Nf6 Nb6+ 41. Kb3 h6 42. g4 Ke7 43. Ng8+ Kf7 44. Nxh6+ Kg7 45. g5 Nd5 46. Kc4 Nf4 47. h4 Ng2 48. Kd5 Nxh4 49. Kxe5 Nxf3+ 50. Kf4 Nd4 51. Ke5 Nc6+ 52. Kd6 Nb4 53. a4 a5 54. Kc5 Nc2 55. Kd5 Ne3+ 56. Ke6 f4 0-1

[Event "CAN-op"]
[Site "Ottawa CAN"]
[Date "2013.07.17"]
[Round "6.3"]
[White "Bruzon Batista, Lazaro"]
[Black "Wang, Richard"]
[Result "1-0"]
[WhiteElo "2758"]
[BlackElo "2484"]
[PlyCount "59"]
[GameId "2160767909313696"]
[EventDate "2013.07.13"]
[EventType "swiss"]
[EventRounds "9"]
[EventCountry "CAN"]

1. d4 d5 2. c4 c6 3. Nf3 Nf6 4. e3 Bg4 5. Qb3 Qb6 6. Nc3 e6 7. Nh4 Bh5 8. h3 Be7 9. g4 Bg6 10. Nxg6 hxg6 11. Bg2 Na6 12. Bd2 O-O 13. O-O-O Qxb3 14. axb3 Bb4 15. Kb1 Rfe8 16. g5 Nd7 17. h4 Nb6 18. Bf1 Nc7 19. e4 Rad8 20. Bf4 Rd7 21. c5 Nc8 22. Na2 a5 23. f3 Na7 24. Nxb4 axb4 25. Be5 f6 26. gxf6 gxf6 27. Bxf6 Rf8 28. Be5 Rxf3 29. h5 g5 30. Bd3 1-0

[Event "CAN-op"]
[Site "Ottawa CAN"]
[Date "2013.07.19"]
[Round "8"]
[White "Porper, Edward"]
[Black "Wang, Richard"]
[Result "1-0"]
[WhiteElo "2453"]
[BlackElo "2377"]
[PlyCount "129"]
[GameId "2160767909313724"]
[EventDate "2013.07.13"]
[EventType "swiss"]
[EventRounds "9"]
[EventCountry "CAN"]
[SourceTitle "CBM 155 Extra"]
[Source "ChessBase"]
[SourceDate "2013.08.26"]
[SourceVersion "1"]
[SourceVersionDate "2013.08.26"]
[SourceQuality "1"]

1. Nf3 c5 2. b3 d6 3. d4 cxd4 4. Nxd4 e5 5. Nf3 Nc6 6. Bb2 e4 7. Nd4 d5 8. e3 Nf6 9. Be2 Bb4+ 10. Nd2 O-O 11. a3 Bd6 12. c4 Re8 13. cxd5 Nxd5 14. Nc4 Bc7 15. Nxc6 bxc6 16. Qd4 f6 17. Qc5 Qd7 18. b4 Ba6 19. Rd1 Bb5 20. Rd2 Bb6 21. Qd6 Qxd6 22. Nxd6 Bxe2 23. Kxe2 Re6 24. Nf5 a6 25. Rc1 g6 26. Ng3 f5 27. Nf1 Kf7 28. Rdc2 Rc8 29. Nd2 Ke8 30. Nb3 Ne7 31. Bd4 Bxd4 32. Nxd4 Rd6 33. Rc5 Kd7 34. Ra5 Ra8 35. h3 h5 36. h4 Kc8 37. Re5 Kd7 38. Nb3 Rd5 39. Rxd5+ Nxd5 40. Rc5 Kd6 41. Na5 Rc8 42. Nc4+ Ke6 43. f3 exf3+ 44. gxf3 Rc7 45. Nb2 Kd6 46. Kf2 Re7 47. Nc4+ Kc7 48. Na5 Re6 49. Nxc6 Rxc6 50. Rxd5 Rc3 51. a4 Ra3 52. Rc5+ Kb7 53. a5 Rb3 54. Rc4 Ra3 55. e4 fxe4 56. Rxe4 Rb3 57. Kg3 Rb1 58. Kf4 Kc6 59. Re6+ Kb5 60. Rb6+ Ka4 61. Rxa6 Rxb4+ 62. Kg5 Rc4 63. Rxg6 Kxa5 64. Kxh5 Rf4 65. Rg3 1-0

[Event "CAN-op"]
[Site "Ottawa CAN"]
[Date "2013.07.20"]
[Round "9"]
[White "Doubleday, William"]
[Black "Wang, Richard"]
[Result "0-1"]
[WhiteElo "2002"]
[BlackElo "2377"]
[PlyCount "73"]
[GameId "2160767909313733"]
[EventDate "2013.07.13"]
[EventType "swiss"]
[EventRounds "9"]
[EventCountry "CAN"]
[SourceTitle "CBM 155 Extra"]
[Source "ChessBase"]
[SourceDate "2013.08.26"]
[SourceVersion "1"]
[SourceVersionDate "2013.08.26"]
[SourceQuality "1"]

1. d4 d5 2. c4 c6 3. e3 Nf6 4. Nc3 e6 5. Nf3 Nbd7 6. Bd3 dxc4 7. Bxc4 b5 8. Be2 Bb7 9. Qc2 a6 10. e4 c5 11. dxc5 Nxc5 12. e5 Nd5 13. O-O Be7 14. Rd1 O-O 15. Nxd5 Bxd5 16. Be3 Rc8 17. b3 Ne4 18. Qb2 Nc3 19. Rdc1 Ba3 20. Qxa3 Nxe2+ 21. Kf1 Nxc1 22. Rxc1 Bxf3 23. gxf3 Rxc1+ 24. Qxc1 Qd3+ 25. Kg2 Qg6+ 26. Kh1 Qf5 27. Qc6 Rd8 28. Qe4 Qxe4 29. fxe4 Rd1+ 30. Kg2 Ra1 31. a4 bxa4 32. bxa4 Rxa4 33. Kf3 Rb4 34. h4 a5 35. Bc5 Rb5 36. Bd6 a4 37. Kf4 0-1

[Event "CYCC U16"]
[Site "Ottawa CAN"]
[Date "2013.07.10"]
[Round "1"]
[White "Zhang, Kevin Z"]
[Black "Wang, Richard"]
[Result "0-1"]
[WhiteElo "2000"]
[BlackElo "2484"]
[PlyCount "49"]
[GameId "2160767909334911"]
[EventDate "2013.07.10"]
[EventType "swiss"]
[EventRounds "6"]
[EventCountry "CAN"]
[SourceTitle "hb 2013"]

1. Nf3 c5 2. d3 Nc6 3. g3 g6 4. Bg2 Bg7 5. e4 e5 6. O-O Nge7 7. Bg5 O-O 8. Qd2 d6 9. Nc3 f6 10. Bh6 Be6 11. Bxg7 Kxg7 12. Rad1 Qd7 13. Ne1 d5 14. f4 exf4 15. Rxf4 d4 16. Ne2 Ne5 17. Ra1 N7c6 18. Rf1 g5 19. Bf3 Rad8 20. Kh1 h6 21. Ng1 f5 22. Ng2 Nxf3 23. Nxf3 fxe4 24. dxe4 Bc4 25. Rfd1 0-1

[Event "CYCC U16"]
[Site "Ottawa CAN"]
[Date "2013.07.10"]
[Round "2"]
[White "Wang, Richard"]
[Black "Dorrance, Adam"]
[Result "1/2-1/2"]
[WhiteElo "2484"]
[BlackElo "2185"]
[PlyCount "117"]
[GameId "2160767909334921"]
[EventDate "2013.07.10"]
[EventType "swiss"]
[EventRounds "6"]
[EventCountry "CAN"]
[SourceTitle "hb 2013"]

1. d4 d5 2. Nf3 Nf6 3. e3 e6 4. Bd3 c5 5. b3 Nc6 6. O-O Bd6 7. Bb2 O-O 8. Ne5 Qe7 9. a3 cxd4 10. exd4 Nd7 11. Qe2 f6 12. Nxd7 Bxd7 13. c4 Rae8 14. Nd2 e5 15. cxd5 Nxd4 16. Bxd4 exd4 17. Qxe7 Rxe7 18. Ne4 Bf5 19. Nxd6 Bxd3 20. Rfd1 Bc2 21. Rxd4 Bxb3 22. Nf5 Re5 23. Ne3 b5 24. Rc1 Rd8 25. Rc5 Bc4 26. h3 Rd7 27. Nxc4 bxc4 28. Rcxc4 Rexd5 29. Rc8+ Kf7 30. Rxd5 Rxd5 31. Rc7+ Kg6 32. Rxa7 Rd1+ 33. Kh2 Ra1 34. Kg3 Ra2 35. Kf3 h5 36. Kg3 Kh6 37. a4 Kg6 38. a5 Kh6 39. a6 Kg6 40. Ra8 Kh7 41. a7 Kg6 42. f4 Ra4 43. Kf3 Ra3+ 44. Ke4 Ra4+ 45. Kd5 Ra1 46. Kd6 Rd1+ 47. Ke7 Re1+ 48. Kf8 Ra1 49. g3 Ra3 50. Kg8 Ra5 51. g4 h4 52. f5+ Kh6 53. Kf7 Kh7 54. g5 fxg5 55. f6 gxf6 56. Kxf6 Ra1 57. Kxg5 Ra4 58. Kh5 Kg7 59. Kg5 1/2-1/2

[Event "CYCC U16"]
[Site "Ottawa CAN"]
[Date "2013.07.11"]
[Round "3"]
[White "Wang, Richard"]
[Black "Wu, Ruining (Ray)"]
[Result "1-0"]
[WhiteElo "2484"]
[BlackElo "2117"]
[PlyCount "165"]
[GameId "2160767909334933"]
[EventDate "2013.07.10"]
[EventType "swiss"]
[EventRounds "6"]
[EventCountry "CAN"]
[SourceTitle "hb 2013"]

1. d4 d5 2. Nf3 Nf6 3. c4 c6 4. e3 Bf5 5. Nc3 e6 6. Nh4 Bg6 7. Nxg6 hxg6 8. g3 Nbd7 9. Qb3 Qb6 10. Bd2 Be7 11. Be2 Qxb3 12. axb3 a6 13. c5 e5 14. f3 Nh5 15. Kf2 f5 16. b4 O-O 17. Kg2 Rae8 18. Bd3 Nhf6 19. h4 Bd8 20. Rh3 Bc7 21. Rah1 Rf7 22. h5 gxh5 23. Bxf5 Nf8 24. Bd3 Rfe7 25. Ne2 g6 26. dxe5 Bxe5 27. Nf4 Kg7 28. b3 N6h7 29. Rh4 Bf6 30. R4h2 Ng5 31. Kf2 Re5 32. Bxg6 Nxg6 33. Nxh5+ Kf7 34. Nxf6 Kxf6 35. Bc3 Kf7 36. Bxe5 Nxe5 37. Rh4 Nexf3 38. Rf4+ Kg6 39. Rxf3 Nxf3 40. Kxf3 Rf8+ 41. Ke2 Re8 42. Rh4 Re7 43. Rg4+ Kf6 44. Kf3 Re8 45. Rf4+ Kg6 46. Rg4+ Kf6 47. Rf4+ Kg6 48. e4 dxe4+ 49. Rxe4 Rf8+ 50. Kg4 Rf7 51. Re6+ Kg7 52. Kh4 Rd7 53. g4 Kh7 54. Kh5 Rd5+ 55. Kh4 Rd7 56. Kg5 Rf7 57. Rh6+ Kg7 58. Rg6+ Kh7 59. Rh6+ Kg7 60. Rd6 Kh7 61. Kh5 Kg7 62. g5 Re7 63. Rd4 Rf7 64. Kg4 Kg6 65. Rd6+ Kg7 66. Rd4 Kg6 67. Rd3 Kh7 68. Rf3 Rd7 69. Rf4 Kg7 70. Re4 Rf7 71. Kh5 Rd7 72. Re5 Rf7 73. g6 Rc7 74. Kg5 Rd7 75. Kf5 Rd3 76. Re7+ Kg8 77. Rxb7 Rxb3 78. Kf6 Rf3+ 79. Ke6 Rb3 80. Rb6 Rg3 81. Rxa6 Rxg6+ 82. Kd7 Rg4 83. Rb6 1-0